|
|
|
|
| LEADER |
00000nam a22000007a 4500 |
| 005 |
20110824141844.0 |
| 008 |
110824t2011 mx |||||s|||| 00| 0 spa d |
| 020 |
|
|
|a 978-607-7799-66-5
|
| 035 |
|
|
|a 5720
|
| 040 |
|
|
|a vLex
|
| 090 |
|
|
|c 2262
|d 2262
|
| 100 |
1 |
|
|a Hikal Carren̤, Wael Sarwat
|
| 245 |
1 |
0 |
|a Glosario de criminologa̕ y criminals̕tica
|c Wael Sarwat Hikal Carren̤
|h [Recurso electrn̤ico] /
|
| 256 |
|
|
|a Servicio en ln̕ea.
|
| 260 |
|
|
|a [Mx̌ico] :
|b Flores Editor y Distribucin̤,
|c 2011.
|
| 506 |
1 |
|
|a Contenido solo disponible en los productos indicados
|d vLex Global
|d vLex Global (Academic Edition, excluding Law Schools)
|d vLex Global (U.S. Academic Edition, Law Schools)
|d vLex Global (U.S. Academic Edition, excluding Law Schools)
|d vLex Global (Academic Edition, Law Schools)
|
| 650 |
0 |
4 |
|a Criminologa̕
|
| 650 |
0 |
4 |
|a Criminals̕tica
|
| 740 |
0 |
|
|a vLex Libros (Servicio en ln̕ea)
|
| 856 |
4 |
0 |
|u http://vlex.com/source/5720
|z Acceso restringido
|
| 942 |
|
|
|c BOOK
|